Catálogo
 En Linea

Material inflamable : (Registro nro. 44374)

Detalles MARC
000 -CABECERA
campo de control de longitud fija 00865nam a2200217 a 4500
001 - NÚMERO DE CONTROL
campo de control 000044885
005 - FECHA Y HORA DE LA ÚLTIMA TRANSACCIÓN
campo de control 20201002045714.0
008 - DATOS DE LONGITUD FIJA--INFORMACIÓN GENERAL
campo de control de longitud fija 150115s2014 dr r 000 p spa d
020 ## - NÚMERO INTERNACIONAL ESTÁNDAR DEL LIBRO
Número Internacional Estándar del Libro 9789945492361
040 ## - FUENTE DE LA CATALOGACIÓN
Centro catalogador/agencia de origen DO-SdBNP
Lengua de catalogación spa
Centro/agencia transcriptor BNPHU
082 ## - NÚMERO DE LA CLASIFICACIÓN DECIMAL DEWEY
Número de clasificación RD861.5
Número de documento/Ítem M425i
245 00 - MENCIÓN DE TÍTULO
Título Material inflamable :
Resto del título (30 poetas dominicanos del siglo XXI) /
Mención de responsabilidad, etc. selección e introducción Luis Reynaldo Pérez.
246 10 - FORMA VARIANTE DE TÍTULO
Título propio/Titulo breve Material inflamable :
Resto del título (treinta poetas dominicanos del siglo XXl)
260 ## - PUBLICACIÓN, DISTRIBUCIÓN, ETC.
Lugar de publicación, distribución, etc. Santo Domingo :
Nombre del editor, distribuidor, etc. Nacional,
Fecha de publicación, distribución, etc. 2014.
300 ## - DESCRIPCIÓN FÍSICA
Extensión 138 p. ;
Dimensiones 23 cm.
590 ## - NOTA LOCAL (RLIN)
Nota local Inventariado, 2018/BT
650 #4 - PUNTO DE ACCESO ADICIONAL DE MATERIA--TÉRMINO DE MATERIA
Término de materia o nombre geográfico como elemento de entrada Poesía dominicana
Subdivisión geográfica República Dominicana
Subdivisión cronológica SIGLO XXI
Subdivisión de forma COLECCIONES
9 (RLIN) 72895
650 #4 - PUNTO DE ACCESO ADICIONAL DE MATERIA--TÉRMINO DE MATERIA
Término de materia o nombre geográfico como elemento de entrada Literatura dominicana
Subdivisión geográfica República Dominicana
Subdivisión cronológica SIGLO XXI
Subdivisión de forma COLECCIONES
9 (RLIN) 72896
700 12 - PUNTO DE ACCESO ADICIONAL--NOMBRE DE PERSONA
Nombre de persona Pérez, Luis Reynaldo
9 (RLIN) 72897
910 ## - DATOS DE OPCIÓN DEL USUARIO (OCLC)
Datos de opción del usuario Validado. Control de calidad. MFF
Existencias
Estado de retiro Estado de pérdida Restricciones de uso No para préstamo Código de colección Localización permanente Ubicación/localización actual Ubicación en estantería Fecha de adquisición Número de inventario Total de préstamos Signatura topográfica completa Código de barras Fecha visto por última vez Número de copia Precio válido a partir de Tipo de ítem Koha
        Dominicana de Servicio General General Depósito 15.01.2015 LF1   RD861.5 M425i 44885-30 25.06.2020 e.3 25.06.2020 Libro y Folleto Colección Dominicana de Servicio
        Dominicana de Servicio General General Depósito 23.07.2018 LF1   RD861.5 M425i 44885-40 25.06.2020 e.4 25.06.2020 Libro y Folleto Colección Dominicana de Servicio
      Excluido de préstamo Patrimonio Dominicano Patrimonio Dominicano Patrimonio Dominicano Depósito 15.01.2015 LF1   RD861.5 M425i 44885-10 25.06.2020   25.06.2020 Libro y Folleto Colección Patrimonio Dominicano
      Excluido de préstamo Patrimonio Dominicano Patrimonio Dominicano Patrimonio Dominicano Depósito 15.01.2015 LF1   RD861.5 M425i 44885-20 25.06.2020 e.2 25.06.2020 Libro y Folleto Colección Patrimonio Dominicano

Con tecnología Koha